Music Quiz

Random Music or Kpop Quiz

VIXX Audio Quiz Stats

 Plays Quiz not verified by Sporcle

Challenge
Share
Tweet
Score 0/26 Timer 15:00
0 Plays Today
Time Song % Correct
0:00-0:20On and On
97%
1:40-2:00Error
96.6%
0:40-1:00Eternity
94.1%
2:00-2:20Dynamite
93.8%
3:40-4:00Chained Up
93.2%
3:00-3:20Voodoo Doll
92.1%
3:20-3:40Hyde
90.8%
1:00-1:20Super Hero
90.4%
1:20-1:40G.R.8.U
90.3%
0:20-0:40Rock Ur Body
89.1%
5:20-5:40Beautiful Liar
86%
4:20-4:40Love Equation
84.3%
4:00-4:20Only U
72.8%
Time Song % Correct
6:00-6:20Beautiful killer
67.9%
7:00-7:20B.O.D.Y
57.3%
7:20-7:40Shadow
56.3%
5:00-5:20Light Up The Darkness
50.3%
6:40-7:00Secret Night
50.1%
2:40-3:00Spider
48.5%
7:40-8:00Depend On Me
47.6%
2:20-2:40King
45.4%
4:40-5:00After Dark
35.4%
5:40-6:00My Light
31%
6:20-6:40Starlight
28.2%
8:00-8:20Chaos
28%
8:20-8:40You’re Mine
1.7%

You're not logged in!

Compare scores with friends on all Sporcle quizzes.
Join for Free
OR
Log In

You Might Also Like...

Show Comments

Extras

Top Quizzes Today


Score Distribution

Your Account Isn't Verified!

In order to create a playlist on Sporcle, you need to verify the email address you used during registration. Go to your Sporcle Settings to finish the process.

Report this User

Report this user for behavior that violates our Community Guidelines.

Details: